Responses for Show #5379 - Thursday, January 17, 2008

Contestants

[<< previous game]

Chad Belyeu, a film student from Groves, Texas

Nick Rolader, a student and caterer from Lilburn, Georgia

Susan Forman, a homemaker and former attorney from Waccabuc, New York (whose 1-day cash winnings total $19,200)

[next game >>]

Jeopardy! Round responses

MUSIC
EXCESS HOLLYWOOD
(Alex: ...not "Access".)
NICE TO MEET YOU!
ANAGRAMMED PAPAL NAMES
OFFICIAL STATE CRITTERS
"ODE" TO JOY
    $200 1
an octave

Susan
    $200 5
Liza Minnelli

Chad
    $200 19
Romeo and Juliet

Susan
    $200 3
Leo

Chad
    $200 13
the raccoon

Nick
    $200 24
Rhode Island

Triple Stumper
    $400 2
right hand

Nick
    $400 6
a rehab facility

Susan
    $400 20
Stalin

Susan
    $400 9
Benedict

Chad
    $400 14
a grizzly

Nick
    $400 25
(Susan: What is "erode"?)

corrode

SusanChad
    $1,000 4
arpeggio

Chad
    $600 7
Demi Moore

Chad
    $600 21
Tim Russert

Chad
    $600 10
Adrian

Chad
    $600 15
the turtle

Susan
    $600 26
rodents

Chad
    $800 17
(Susan: What is lentissimo?)

largo

Susan
Triple Stumper
    $800 8
grills

Nick
    $800 22
(Chad: What is the Constitutional Convention?)

the (Second) Continental Congress

Chad
Triple Stumper
    $800 11
Urban

Nick
    $800 29
(Susan: What is the wolf?)

the coyote

SusanNick
    $800 27
bar code

Chad
    $1000 18
middle C

Susan
    $1000 16
necklace

Chad
    $1000 23
G8 (the Group of Eight)

Susan
    $1000 12
Clement

Triple Stumper
    $1000 30
(Alex: They brought a tape to the legislative house with recordings of the [*], and that's how they got the bill passed.)

frog

Triple Stumper
    $1000 28
Spode

Susan

Scores at the first commercial break (after clue 15):

Susan Nick Chad
$1,200 $2,600 $3,000

Scores at the end of the Jeopardy! Round:

Susan Nick Chad
$2,800 $3,400 $5,600

Double Jeopardy! Round responses

"GREEN" GEOGRAPHY
SINGING THE BLUES
BLACK HOLES
REDHEADS
PURPLE PROSE
COLORFUL WORDS & PHRASES
    $400 11
Greenland

Susan
    $400 16
Billie Holiday

Susan
    $400 6
gravity

Nick
    $400 21
David

Triple Stumper
    $400 1
Anne Rice

Chad
    $400 26
redcap

Susan
    $800 12
Green Bay

Nick
    $800 17
B.B. King

Chad
    $800 7
Big Bang

Nick
    $800 22
(Alex: That's [*]! Come on guys, you missed [*]! Awwww!)

Beaker

Triple Stumper
    $800 2
Jackie Collins

Chad
    $800 27
Blue Cross Blue Shield

Susan
    $1200 13
Green Mountains

Chad
    $1200 18
Buddy Guy

Chad
    $1200 8
(Chad: Who is Einstein?)

Stephen Hawking

NickChad
    $1200 23
John Glenn

Nick
    $1200 3
Harold Robbins

Susan
    $1200 28
The Hunt for Red October

Susan
    $1600 14
Greenville

Nick
    $3,000 19
Muddy Waters

Chad
    $1600 9
wormholes

Nick
    $1600 24
Rob Roy

Triple Stumper
    $1600 4
Zane Grey

Susan
    $4,000 29
a green-eyed monster

Susan
    $2000 15
Greensboro

Susan
    $2000 20
Robert Johnson

Chad
    $2000 10
event horizon

Chad
    $2000 25
George Bernard Shaw

Chad
    $2000 5
Edward Bulwer-Lytton

Nick
    $2000 30
Born to the purple

Triple Stumper

Scores at the end of the Double Jeopardy! Round:

Susan Nick Chad
$14,800 $13,000 $17,800

[wagering suggestions for these scores]

Final Jeopardy! Round responses

THE SUPREME COURT
NickWho is Dred Scott?
$12,000
SusanWho is Dred Scott?
$11,800
ChadWho is Madison?
$11,801
Dred Scott

Final scores:

Susan Nick Chad
$26,600 $25,000 $5,999
2-day champion: $45,800 2nd place: $2,000 3rd place: $1,000

Game dynamics:

Coryat scores:

Susan Nick Chad
$12,400 $13,000 $16,000
17 R
(including 1 DD),
3 W
14 R,
0 W
20 R
(including 2 DDs),
2 W

Combined Coryat: $41,400

[game clues] [game scores] [suggest correction]

Game tape date: 2007-10-24
The J! Archive is created by fans, for fans. Scraping, republication, monetization, and malicious use prohibited; this site may use cookies and collect identifying information. See terms. The Jeopardy! game show and all elements thereof, including but not limited to copyright and trademark thereto, are the property of Jeopardy Productions, Inc. and are protected under law. This website is not affiliated with, sponsored by, or operated by Jeopardy Productions, Inc. Join the discussion at JBoard.tv.